LEADER 01052nam a2200265 u 4500 001 000000014407 003 CaOOAMICUS 005 20070226105749.0 008 940517s1966 it u000 u ita u 035 $a10340296 040 $aPUL$bita 100 1 $aAccame, Silvio,$d1910-1997.$0(OLS)http://pul/name/4236 245 13$aLa formazione della civiltà mediterranea. 260 $aBrescia :$bLa Scuola,$c1966. 300 $a467 p. ;$c20 cm 490 1 $aAnalisi e sintesi ;$v10 504 $aBibliografia: p. [427]-467. 651 4$aMediterraneo$xCiviltà.$0(OLS)http://pul/subject/10120 830 0$aAnalisi e sintesi ;$v10.$0(OLS)http://pul/title/10500 850 $aPUL 852 $aPUL$W1$xDP1 Fondo Maccarrone$y58$m1506 G 2$j20225$nBK-PRI$b $qFondi$B20225$CPULBib$Z2$F20225 $H $81 941 1 $a1 961 $aINV: 01933 -- Fondo Mons. M. Maccarrone 996 $6245$aLa formazione della civiltà mediterranea$9(OLS)http://pul/title/20709 996 $6260$aBrescia :$bLa Scuola$9(OLS)http://pul/publisher/48404 LEADER 01232nam a2200325 a 4500 001 000000147496 003 CaOOAMICUS 005 20151119103358.0 008 151119s2015 it u000 u ita r 020 $a978-88-15-25810-6* 032 $aLibriCat 040 $aPUL$bita 082 04$a225.92 100 1 $aPenna, Romano,$d1937-$0(OLS)http://pul/name/11954 245 10$aPaolo /$cRomano Penna. 260 $aBologna :$bIl Mulino,$c©2015. 300 $a131 p. ;$c20 cm. 490 1 $aFarsi un'idea ;$v236 504 $aInclude riferimenti bibliografici. 600 04$aPaulus,$cs., apostolo.$0(OLS)http://pul/subject/417 630 04$aBiblia.$pN.T.$pPauli epistolae.$0(OLS)http://pul/subject/37973 830 0$aFarsi un'idea ;$v236.$0(OLS)http://pul/title/101466 850 $aPUL 852 $aPUL$W1$xSL Religione 3$y85$m225. 92 PENRO 2$j170457$qDDC 21$B171236$CPULBib$Z2$F171236 $H126420 $81 941 1 $a9 996 $6020$a978-88-15-25810-6*$9(OLS)http://pul/number/158951 996 $6082$a225.92$9(OLS)http://pul/classification/453 996 $6245$aPaolo$9(OLS)http://pul/title/186160 996 $6260$aBologna :$bIl Mulino$9(OLS)http://pul/publisher/47928